| 000 | 00345cam a2200145ua 4500 | ||
|---|---|---|---|
| 003 | OSt | ||
| 008 | 221105b |||||||| |||| 00| 0 eng d | ||
| 041 | _aeng | ||
| 082 |
_a334.1 _bMIN |
||
| 245 | _aSahakari samaj / | ||
| 250 | _a1 / | ||
| 260 |
_a : _bPanchayati raj and cooperation, Govt. of India , _c1962. |
||
| 300 | _a332 ; . | ||
| 942 | _cBK | ||
| 999 |
_c2278 _d2278 |
||